000 02153nam2a2200313 4500
001 RU\NLR\bibl\1303722
005 20260406105439.0
010 _a978-5-903216-17-8
_9500
021 _aRU
_b2008-82746
_94822
035 _a(NLR Aleph) 001289261
090 _a548702
_c548702
100 _a20081208d2008 |||y0rusy50 ca
101 0 _arus
102 _aRU
105 _aa |||||||||
200 1 _aУтраченные книжные ценности
_hкн. 7
_iЗональная научная библиотека Воронежского государственного университета
_eкниги XVI - первой половины XIX века
_f[сост.: Л.Б. Вольфцун и др.
_gА.М. Мазурицкий и др. предисл.]
210 _aМосква
_cРоссийская национальная библиотека
_d2008
215 _a119 с.
_cил.
461 0 _1001RU\NLR\bibl\112615
_12001#$aСводный каталог культурных ценностей, похищенных и утраченных в период Второй мировой войны$vТ. 11
_9861234
_cМ.
_d1999
_nМ-во культуры Рос. Федерации. Деп. по сохранению культ. ценностей
_tСводный каталог культурных ценностей, похищенных и утраченных в период Второй мировой войны
_vТ. 11
606 1 _aКниги
_jСводные каталоги
_xРазрушение и похищение немецкими захватчиками в СССР
_z1941 - 1945
_92292249
_3RU\NLR\auth\661372763
606 1 _aКниги
_jСводные каталоги
_xИстория
_91220128
_3RU\NLR\auth\66496370
686 _aЯ12(0)2
702 1 _aВольфцун
_bЛ. Б.
_gЛюдмила Борисовна
_4220
712 0 2 _4570
_aВоронежский государственный университет
_bЗональная научная библиотека
_3RU\NLR\AUTH\884398
_9280267
801 0 _aRU
_bNLR
_c20081208
_gRCR
801 1 _aRU
_bNLR
_c20081208
942 _cBOOK
980 _aNB